Green Day American Idiot (album) - Statistics

General Stats
  • This quiz has been taken 950 times
  • The average score is 11 of 13
Answer Stats
Track # Song Title % Correct
1 American Idiot
99%
4 Boulevard of Broken Dreams
95%
3 Holiday
95%
2 Jesus of Suburbia
93%
6 St. Jimmy
87%
11 Wake Me Up When September Ends
86%
12 Homecoming
82%
8 She's a Rebel
82%
13 Whatsername
80%
5 Are We the Waiting
79%
7 Give Me Novacaine
79%
10 Letterbomb
78%
9 Extraordinary Girl
75%
No matching quizzes found
Score Distribution
Percent of People with Each Score
Percentile by Number Answered
Your Score History
You have not taken this quiz